Dutch public acceptance conditio sine qua non for resumption of negotiations. (Record no. 89356)
[ view plain ]
| 000 -LEADER | |
|---|---|
| fixed length control field | 00958cam a22002411 4500 |
| 001 - CONTROL NUMBER | |
| control field | sa 68020322 |
| 003 - CONTROL NUMBER IDENTIFIER | |
| control field | DLC |
| 005 - DATE AND TIME OF LATEST TRANSACTION | |
| control field | 20260227112723.0 |
| 008 - FIXED-LENGTH DATA ELEMENTS--GENERAL INFORMATION | |
| fixed length control field | 750716s1962 xx 000 0 eng |
| 010 ## - LIBRARY OF CONGRESS CONTROL NUMBER | |
| LC control number | sa 68020322 |
| 035 ## - SYSTEM CONTROL NUMBER | |
| System control number | (OCoLC)1451603 |
| 040 ## - CATALOGING SOURCE | |
| Original cataloging agency | DLC |
| Transcribing agency | OAU |
| Modifying agency | IU |
| -- | DLC |
| 041 1# - LANGUAGE CODE | |
| Language code of text/sound track or separate title | eng |
| Language code of original | ind |
| 050 00 - LIBRARY OF CONGRESS CALL NUMBER | |
| Classification number | DU744 |
| Item number | .S7913 |
| 100 0# - MAIN ENTRY--PERSONAL NAME | |
| Personal name | Soekarno, |
| Dates associated with a name | 1901-1970. |
| 245 10 - TITLE STATEMENT | |
| Title | Dutch public acceptance conditio sine qua non for resumption of negotiations. |
| 260 ## - PUBLICATION, DISTRIBUTION, ETC. | |
| Place of publication, distribution, etc. | [Djakarta] |
| Name of publisher, distributor, etc. | Dept. of Information, Republic of Indonesia |
| Date of publication, distribution, etc. | [1962] |
| 300 ## - PHYSICAL DESCRIPTION | |
| Extent | 8 p. |
| Dimensions | 21 cm. |
| 500 ## - GENERAL NOTE | |
| General note | "Special issue, 91." |
| 500 ## - GENERAL NOTE | |
| General note | "Message of H. E. President Sukarno on the installation ceremony of the newly appointed Army Chief of Staff, two ambassadors and one minister at the Negara Palace on June 23, 1962." |
| 500 ## - GENERAL NOTE | |
| General note | Translation of Amanat Presiden pada pelantikan Kasad Major Djendral Achmad Jani dan beberapa duta besar. |
| 651 #0 - SUBJECT ADDED ENTRY--GEOGRAPHIC NAME | |
| Geographic name | Papua (Indonesia) |
No items available.